01737cam a22003011a 4500001001300000003000400013005001700017008004100034010001700075035002000092040001600112050002500128100003600153245022400189260005500413300002400468440004500492440003300537500033000570502004700900500003600947501017900983650004301162650005301205650004101258740011901299999001701418e 36000598 DLC20260227111226.0911126r19361933dcu s f000 0 eng  ae 36000598  a(OCoLC)24857901 aDLCcNdDLC00aLC1045b.A25 no. 1881 aHoskins, Edwin Ray,d1891-1982.12aYoung men in farming :ba study of young men to determine the qualifications, oportunities, and needs for training in farming, together with derived guidance, placement, and training objectives /c[by Edwin Ray Hoskins] aWashington, D.C. :bU.S. Govt. Print. Off.,c1936. av, 117 p. ;c23 cm. 0aVocational education bulletin ;vno. 188 0aAgriculture series ;vno. 49 a"The author of this bulletin has adapted it from a thesis, Certain specific objectives in curriculum making for vocational education in agriculture for the secondary school, presented by him to the faculty of the Graduate School of Cornell University in partial fulfillment for the degree of Doctor of Philosophy."--Foreword. aThesis (Ph. D.)--Cornell University, 1933. aThesis title and note on cover. aWith : Consumer-buying in the educational program for home making / Beulah Isabelle Coon. Washington : Govt. Print. Off., 1935. Bound together subsequent to publication.5DLC 0aAgricultural educationzUnited States. 0aAgriculturexVocational guidancezUnited States. 0aVocational educationzUnited States.0 aCertain specific objectives in curriculum making for vocational education in agriculture for the secondary school. c21502d21502